[Event "67th Greek Championship"]
[Site "chess24.com"]
[Date "2017.12.22"]
[Round "8"]
[White "Papakonstantinou, Dimitrios"]
[Black "Sandalakis, Nikolaos"]
[Result "1-0"]
[Board "4"]
[WhiteElo "2251"]
[WhiteCountry "GRE"]
[WhiteFideId "4218655"]
[WhiteEloChange "9"]
[BlackElo "2213"]
[BlackCountry "GRE"]
[BlackFideId "4222890"]
[BlackEloChange "-9"]

1. e4 {[%clk 1:30:57]} e5 {[%clk 1:30:44]} 2. Nf3 {[%clk 1:31:17]} Nc6 {[%clk
1:31:10]} 3. d4 {[%clk 1:31:37]} exd4 {[%clk 1:31:35]} 4. Nxd4 {[%clk 1:32:03]}
Nf6 {[%clk 1:31:56]} 5. Nxc6 {[%clk 1:32:29]} bxc6 {[%clk 1:32:21]} 6. e5 {[%clk
1:32:54]} Qe7 {[%clk 1:32:27]} 7. Qe2 {[%clk 1:33:17]} Nd5 {[%clk 1:32:53]} 8. c4
{[%clk 1:33:34]} Ba6 {[%clk 1:32:34]} 9. Nd2 {[%clk 1:33:36]} g6 {[%clk 1:32:25]}
10. Nf3 {[%clk 1:33:13]} Qb4+ {[%clk 1:30:03]} 11. Kd1 {[%clk 1:33:28]} Bg7
{[%clk 1:30:09]} 12. Qd2 {[%clk 1:32:25]} Qxd2+ {[%clk 1:29:39]} 13. Bxd2 {[%clk
1:32:49]} Nb6 {[%clk 1:26:36]} 14. b3 {[%clk 1:32:07]} c5 {[%clk 1:19:36]} 15.
Kc2 {[%clk 1:24:47]} O-O {[%clk 1:16:48]} 16. Bc3 {[%clk 1:18:12]} Bb7 {[%clk
1:11:44]} 17. Re1 {[%clk 0:55:14]} Rfe8 {[%clk 1:05:09]} 18. Bd3 {[%clk 0:50:14]}
d6 {[%clk 0:59:55]} 19. exd6 {[%clk 0:44:44]} cxd6 {[%clk 1:00:10]} 20. Rxe8+
{[%clk 0:44:28]} Rxe8 {[%clk 1:00:37]} 21. Re1 {[%clk 0:44:08]} Rxe1 {[%clk
0:58:00]} 22. Nxe1 {[%clk 0:44:27]} Nd7 {[%clk 0:42:37]} 23. a3 {[%clk 0:34:48]}
Ne5 {[%clk 0:24:15]} 24. f3 {[%clk 0:30:35]} f5 {[%clk 0:17:32]} 25. b4 {[%clk
0:26:32]} Kf7 {[%clk 0:16:15]} 26. Kb3 {[%clk 0:22:44]} Ke6 {[%clk 0:13:26]} 27.
Be2 {[%clk 0:20:48]} g5 {[%clk 0:07:19]} 28. Bd2 {[%clk 0:13:49]} Nc6 {[%clk
0:06:47]} 29. Nc2 {[%clk 0:14:05]} h6 {[%clk 0:04:56]} 30. Be3 {[%clk 0:14:12]}
f4 {[%clk 0:04:20]} 31. Bf2 {[%clk 0:14:09]} Bf8 {[%clk 0:01:57]} 32. Kc3 {[%clk
0:10:28]} Ne5 {[%clk 0:01:40]} 33. Ne1 {[%clk 0:09:40]} h5 {[%clk 0:01:08]} 34.
h3 {[%clk 0:09:53]} Nc6 {[%clk 0:00:39]} 35. bxc5 {[%clk 0:06:56]} dxc5 {[%clk
0:00:58]} 36. Nd3 {[%clk 0:07:20]} Nd4 {[%clk 0:00:44]} 37. Nxc5+ {[%clk
0:06:37]} Bxc5 {[%clk 0:01:06]} 38. Bxd4 {[%clk 0:07:05]} Bxa3 {[%clk 0:00:40]}
39. Bxa7 {[%clk 0:07:29]} g4 {[%clk 0:00:31]} 40. Bb8 {[%clk 0:35:52]} Kf5 {[%clk
0:30:31]} 41. fxg4+ {[%clk 0:32:20]} hxg4 {[%clk 0:26:15]} 42. Bxg4+ {[%clk
0:28:04]} Kg5 {[%clk 0:26:43]} 43. Bf3 {[%clk 0:28:04]} Bc8 {[%clk 0:25:58]} 44.
Be5 {[%clk 0:23:32]} Bc5 {[%clk 0:23:24]} 45. Bd4 {[%clk 0:23:20]} Bd6 {[%clk
0:23:46]} 46. c5 {[%clk 0:23:29]} Bc7 {[%clk 0:24:09]} 47. Kb4 {[%clk 0:21:40]}
Bd7 {[%clk 0:22:42]} 48. c6 {[%clk 0:21:01]} Be6 {[%clk 0:22:36]} 49. Kb5 {[%clk
0:20:40]} Bc8 {[%clk 0:22:19]} 50. Bb6 {[%clk 0:20:48]} Be5 {[%clk 0:22:37]} 51.
Bd8+ {[%clk 0:20:47]} 1-0

[Event "67th Greek Championship"]
[Site "chess24.com"]
[Date "2017.12.23"]
[Round "9"]
[White "Nikolaidis, Ioannis"]
[Black "Pavlidis, Anastasios"]
[Result "1-0"]
[Board "1"]
[WhiteElo "2517"]
[WhiteTitle "GM"]
[WhiteCountry "GRE"]
[WhiteFideId "4202139"]
[WhiteEloChange "3"]
[BlackElo "2358"]
[BlackTitle "IM"]
[BlackCountry "GRE"]
[BlackFideId "4208404"]
[BlackEloChange "-6"]

1. d4 {[%clk 1:30:37]} Nf6 {[%clk 1:29:08]} 2. c4 {[%clk 1:30:40]} g6 {[%clk
1:29:16]} 3. Nc3 {[%clk 1:31:01]} Bg7 {[%clk 1:29:38]} 4. e4 {[%clk 1:30:38]} d6
{[%clk 1:29:58]} 5. Nge2 {[%clk 1:30:18]} O-O {[%clk 1:29:31]} 6. Ng3 {[%clk
1:30:40]} h5 {[%clk 1:29:16]} 7. Be2 {[%clk 1:30:19]} h4 {[%clk 1:29:10]} 8. Nf1
{[%clk 1:30:38]} h3 {[%clk 1:29:14]} 9. g3 {[%clk 1:30:13]} e5 {[%clk 1:27:41]}
10. d5 {[%clk 1:27:52]} Nbd7 {[%clk 1:27:10]} 11. Be3 {[%clk 1:25:42]} Nc5 {[%clk
1:25:32]} 12. Nd2 {[%clk 1:26:07]} a5 {[%clk 1:23:22]} 13. a3 {[%clk 1:20:02]}
Nh7 {[%clk 1:17:26]} 14. O-O {[%clk 1:06:34]} f5 {[%clk 1:11:53]} 15. exf5 {[%clk
1:06:10]} gxf5 {[%clk 1:08:39]} 16. Kh1 {[%clk 1:05:57]} f4 {[%clk 0:48:40]} 17.
Bxc5 {[%clk 1:02:25]} fxg3 {[%clk 0:46:36]} 18. hxg3 {[%clk 0:59:58]} dxc5 {[%clk
0:45:49]} 19. Bg4 {[%clk 0:57:08]} Nf6 {[%clk 0:33:53]} 20. Bxc8 {[%clk 0:56:44]}
Qxc8 {[%clk 0:33:53]} 21. Nde4 {[%clk 0:55:48]} Nxe4 {[%clk 0:28:47]} 22. Nxe4
{[%clk 0:53:05]} b6 {[%clk 0:24:47]} 23. a4 {[%clk 0:51:54]} Qf5 {[%clk 0:24:14]}
24. f3 {[%clk 0:50:27]} Rad8 {[%clk 0:23:15]} 25. Qe2 {[%clk 0:50:18]} Rf7 {[%clk
0:22:42]} 26. Qe3 {[%clk 0:46:50]} Bf6 {[%clk 0:22:24]} 27. Rad1 {[%clk 0:40:20]}
Be7 {[%clk 0:22:37]} 28. Rd3 {[%clk 0:39:06]} Rg7 {[%clk 0:17:58]} 29. Rf2 {[%clk
0:37:34]} Rf8 {[%clk 0:15:22]} 30. Kh2 {[%clk 0:33:42]} Bg5 {[%clk 0:12:11]} 31.
Qe1 {[%clk 0:32:14]} Be7 {[%clk 0:10:00]} 32. Qe2 {[%clk 0:30:55]} Rg6 {[%clk
0:06:49]} 33. Kh1 {[%clk 0:30:31]} Rf7 {[%clk 0:06:46]} 34. Rh2 {[%clk 0:28:48]}
Rg4 {[%clk 0:04:51]} 35. Kg1 {[%clk 0:28:35]} Rg6 {[%clk 0:04:47]} 36. Kf2 {[%clk
0:25:07]} Rfg7 {[%clk 0:04:29]} 37. Qf1 {[%clk 0:24:01]} Rh6 {[%clk 0:01:30]} 38.
Ke2 {[%clk 0:22:15]} Rgh7 {[%clk 0:01:00]} 39. Qd1 {[%clk 0:18:14]} Rg7 {[%clk
0:01:07]} 40. Qh1 {[%clk 0:47:05]} Rgh7 {[%clk 0:31:07]} 41. Re3 {[%clk 0:40:38]}
Bg5 {[%clk 0:22:07]} 42. Rd3 {[%clk 0:40:49]} Be7 {[%clk 0:22:18]} 43. Qc1 {[%clk
0:41:02]} Rg6 {[%clk 0:21:22]} 44. Rd1 {[%clk 0:38:09]} Rf7 {[%clk 0:20:04]} 45.
Qe3 {[%clk 0:37:48]} Bg5 {[%clk 0:19:48]} 46. Qd3 {[%clk 0:37:37]} Rh6 {[%clk
0:14:57]} 47. Rdh1 {[%clk 0:36:34]} Rfh7 {[%clk 0:15:01]} 48. Nf2 {[%clk
0:33:59]} Qd7 {[%clk 0:14:27]} 49. b3 {[%clk 0:33:17]} Kf8 {[%clk 0:06:55]} 50.
Qe4 {[%clk 0:32:10]} Bd8 {[%clk 0:03:46]} 51. Qg4 {[%clk 0:29:59]} e4 {[%clk
0:01:56]} 52. fxe4 {[%clk 0:26:20]} Qxg4+ {[%clk 0:02:06]} 53. Nxg4 {[%clk
0:26:47]} Rg6 {[%clk 0:02:25]} 54. Nf2 {[%clk 0:26:40]} Rxg3 {[%clk 0:02:45]} 55.
Rxh3 {[%clk 0:27:03]} Rhxh3 {[%clk 0:01:23]} 56. Rxh3 {[%clk 0:27:29]} Rg5 {[%clk
0:00:37]} 57. Rh8+ {[%clk 0:26:57]} Ke7 {[%clk 0:01:02]} 58. Kf3 {[%clk 0:25:43]}
Kd7 {[%clk 0:01:27]} 59. Ng4 {[%clk 0:24:50]} c6 {[%clk 0:00:36]} 60. Kf4 {[%clk
0:23:31]} Rg7 {[%clk 0:00:56]} 61. Ne5+ {[%clk 0:23:11]} Kc7 {[%clk 0:01:20]} 62.
d6+ {[%clk 0:23:00]} 1-0

[Event "67th Greek Championship"]
[Site "chess24.com"]
[Date "2017.12.23"]
[Round "9"]
[White "Mastrovasilis, Athanasios"]
[Black "Papakonstantinou, Dimitrios"]
[Result "1-0"]
[Board "2"]
[WhiteElo "2493"]
[WhiteTitle "GM"]
[WhiteCountry "GRE"]
[WhiteFideId "4201990"]
[WhiteEloChange "2"]
[BlackElo "2251"]
[BlackCountry "GRE"]
[BlackFideId "4218655"]
[BlackEloChange "-4"]

1. Nf3 {[%clk 1:30:55]} Nf6 {[%clk 1:30:48]} 2. d4 {[%clk 1:30:58]} d6 {[%clk
1:29:35]} 3. g3 {[%clk 1:31:14]} g6 {[%clk 1:29:56]} 4. Bg2 {[%clk 1:31:37]} Bg7
{[%clk 1:30:21]} 5. O-O {[%clk 1:31:59]} O-O {[%clk 1:30:46]} 6. Nc3 {[%clk
1:32:00]} c5 {[%clk 1:20:42]} 7. dxc5 {[%clk 1:25:30]} dxc5 {[%clk 1:21:01]} 8.
Qxd8 {[%clk 1:23:19]} Rxd8 {[%clk 1:21:26]} 9. Bf4 {[%clk 1:07:41]} Nc6 {[%clk
1:17:05]} 10. Ne5 {[%clk 1:07:01]} Nd4 {[%clk 1:07:44]} 11. Rad1 {[%clk 0:58:23]}
Nh5 {[%clk 0:50:15]} 12. e3 {[%clk 0:49:57]} Ne6 {[%clk 0:49:29]} 13. Nc4 {[%clk
0:39:01]} Rxd1 {[%clk 0:46:43]} 14. Rxd1 {[%clk 0:39:26]} Bxc3 {[%clk 0:44:26]}
15. bxc3 {[%clk 0:39:50]} g5 {[%clk 0:44:53]} 16. Be5 {[%clk 0:37:39]} f6 {[%clk
0:40:35]} 17. g4 {[%clk 0:37:48]} Nhf4 {[%clk 0:39:42]} 18. exf4 {[%clk 0:35:39]}
gxf4 {[%clk 0:40:07]} 19. Bxf6 {[%clk 0:28:12]} exf6 {[%clk 0:40:35]} 20. Nd6
{[%clk 0:18:50]} Ng5 {[%clk 0:39:28]} 21. Nxc8 {[%clk 0:19:07]} Rxc8 {[%clk
0:38:57]} 22. Bxb7 {[%clk 0:19:33]} Rc7 {[%clk 0:38:21]} 23. Bd5+ {[%clk
0:19:14]} Kg7 {[%clk 0:38:44]} 24. Kg2 {[%clk 0:13:05]} f5 {[%clk 0:33:43]} 25.
gxf5 {[%clk 0:11:42]} Kf6 {[%clk 0:33:50]} 26. h4 {[%clk 0:11:20]} Nf7 {[%clk
0:34:09]} 27. Be4 {[%clk 0:08:22]} Ne5 {[%clk 0:33:52]} 28. Rd6+ {[%clk 0:08:34]}
Kf7 {[%clk 0:33:50]} 29. Bd5+ {[%clk 0:07:53]} Kg7 {[%clk 0:33:49]} 30. Re6
{[%clk 0:08:02]} Ng4 {[%clk 0:33:09]} 31. Kf3 {[%clk 0:08:14]} Nf6 {[%clk
0:33:34]} 32. c4 {[%clk 0:08:21]} Rd7 {[%clk 0:33:31]} 33. Kxf4 {[%clk 0:07:47]}
Nxd5+ {[%clk 0:33:35]} 34. cxd5 {[%clk 0:08:13]} Rxd5 {[%clk 0:34:02]} 35. Kg5
{[%clk 0:07:45]} Rd2 {[%clk 0:33:56]} 36. Re7+ {[%clk 0:07:44]} Kg8 {[%clk
0:32:30]} 37. Rxa7 {[%clk 0:07:37]} Rxf2 {[%clk 0:32:26]} 38. Kf6 {[%clk
0:07:13]} h5 {[%clk 0:32:45]} 39. c3 {[%clk 0:04:18]} Rf3 {[%clk 0:32:01]} 40. a4
{[%clk 0:33:51]} Rxc3 {[%clk 1:02:02]} 41. a5 {[%clk 0:34:10]} c4 {[%clk
1:00:57]} 42. Rc7 {[%clk 0:29:43]} Ra3 {[%clk 0:58:09]} 43. Kg6 {[%clk 0:27:59]}
Rg3+ {[%clk 0:57:16]} 44. Kxh5 {[%clk 0:28:22]} Ra3 {[%clk 0:56:27]} 45. Kg6
{[%clk 0:28:12]} Rg3+ {[%clk 0:56:52]} 46. Kf6 {[%clk 0:28:37]} Ra3 {[%clk
0:57:18]} 47. Rxc4 {[%clk 0:28:22]} Rxa5 {[%clk 0:57:35]} 48. Kg6 {[%clk
0:28:37]} Ra8 {[%clk 0:56:38]} 49. f6 {[%clk 0:28:30]} Kh8 {[%clk 0:55:37]} 50.
Rc7 {[%clk 0:27:47]} Rg8+ {[%clk 0:55:34]} 51. Rg7 {[%clk 0:27:42]} 1-0

[Event "67th Greek Championship"]
[Site "chess24.com"]
[Date "2017.12.23"]
[Round "9"]
[White "Kouskoutis, Georgios-Alexandros"]
[Black "Kelires, Andreas"]
[Result "0-1"]
[Board "3"]
[WhiteElo "2365"]
[WhiteCountry "GRE"]
[WhiteFideId "4234049"]
[WhiteEloChange "-6"]
[BlackElo "2519"]
[BlackTitle "GM"]
[BlackCountry "GRE"]
[BlackFideId "5900727"]
[BlackEloChange "3"]

1. Nf3 {[%clk 1:29:11]} Nf6 {[%clk 1:28:36]} 2. g3 {[%clk 1:29:34]} d5 {[%clk
1:28:57]} 3. Bg2 {[%clk 1:29:26]} c6 {[%clk 1:29:06]} 4. O-O {[%clk 1:28:15]} Bg4
{[%clk 1:28:48]} 5. b3 {[%clk 1:24:40]} e6 {[%clk 1:27:50]} 6. Bb2 {[%clk
1:24:47]} Nbd7 {[%clk 1:27:52]} 7. d3 {[%clk 1:21:00]} Be7 {[%clk 1:27:12]} 8.
Nbd2 {[%clk 1:20:25]} O-O {[%clk 1:26:51]} 9. h3 {[%clk 1:11:19]} Bh5 {[%clk
1:27:11]} 10. g4 {[%clk 1:09:06]} Bg6 {[%clk 1:27:36]} 11. Nh4 {[%clk 1:08:03]}
e5 {[%clk 1:24:19]} 12. e3 {[%clk 0:48:36]} Ne8 {[%clk 1:21:24]} 13. Nxg6 {[%clk
0:49:00]} hxg6 {[%clk 1:21:53]} 14. Qe2 {[%clk 0:46:47]} Nc7 {[%clk 1:19:41]} 15.
c4 {[%clk 0:45:12]} Re8 {[%clk 1:16:24]} 16. Rac1 {[%clk 0:43:07]} d4 {[%clk
1:13:59]} 17. Ne4 {[%clk 0:33:54]} Nc5 {[%clk 1:08:14]} 18. exd4 {[%clk 0:31:22]}
exd4 {[%clk 1:08:39]} 19. Qd2 {[%clk 0:28:55]} a5 {[%clk 0:59:14]} 20. Rce1
{[%clk 0:25:22]} N5e6 {[%clk 0:57:42]} 21. a3 {[%clk 0:22:36]} g5 {[%clk
0:57:28]} 22. Ng3 {[%clk 0:22:46]} Nf4 {[%clk 0:50:40]} 23. Ne2 {[%clk 0:20:16]}
Nce6 {[%clk 0:47:54]} 24. Nxf4 {[%clk 0:20:20]} Nxf4 {[%clk 0:48:22]} 25. Re4
{[%clk 0:20:40]} Bf6 {[%clk 0:48:46]} 26. Rfe1 {[%clk 0:19:54]} Rxe4 {[%clk
0:48:24]} 27. Rxe4 {[%clk 0:20:18]} g6 {[%clk 0:46:08]} 28. Bf1 {[%clk 0:16:25]}
Qb6 {[%clk 0:43:14]} 29. h4 {[%clk 0:07:37]} Qxb3 {[%clk 0:39:54]} 30. Bxd4
{[%clk 0:05:34]} Bxd4 {[%clk 0:40:15]} 31. Rxd4 {[%clk 0:06:00]} Ne6 {[%clk
0:40:34]} 32. Rd7 {[%clk 0:05:14]} gxh4 {[%clk 0:40:47]} 33. d4 {[%clk 0:00:46]}
Qxa3 {[%clk 0:39:16]} 34. d5 {[%clk 0:01:12]} Nc5 {[%clk 0:38:15]} 35. dxc6
{[%clk 0:00:48]} Nxd7 {[%clk 0:36:23]} 36. cxb7 {[%clk 0:00:59]} Rd8 {[%clk
0:36:34]} 37. Qxd7 {[%clk 0:01:10]} Rxd7 {[%clk 0:37:03]} 38. b8Q+ {[%clk
0:01:30]} Kh7 {[%clk 0:37:11]} 39. Qb5 {[%clk 0:00:50]} Rd4 {[%clk 0:37:09]} 40.
Qg5 {[%clk 0:30:44]} Qf3 {[%clk 1:07:30]} 0-1

[Event "67th Greek Championship"]
[Site "chess24.com"]
[Date "2017.12.23"]
[Round "9"]
[White "Sandalakis, Nikolaos"]
[Black "Michelakos, Panagiotis"]
[Result "1/2-1/2"]
[Board "4"]
[WhiteElo "2213"]
[WhiteCountry "GRE"]
[WhiteFideId "4222890"]
[WhiteEloChange "2"]
[BlackElo "2272"]
[BlackCountry "GRE"]
[BlackFideId "4216067"]
[BlackEloChange "-2"]

1. e4 {[%clk 1:26:23]} g6 {[%clk 1:30:41]} 2. d4 {[%clk 1:26:28]} Bg7 {[%clk
1:30:49]} 3. Nc3 {[%clk 1:26:24]} d6 {[%clk 1:30:45]} 4. f4 {[%clk 1:26:11]} Nf6
{[%clk 1:30:32]} 5. Nf3 {[%clk 1:25:38]} c5 {[%clk 1:29:36]} 6. Bb5+ {[%clk
1:24:39]} Bd7 {[%clk 1:29:44]} 7. e5 {[%clk 1:23:39]} Ng4 {[%clk 1:28:46]} 8. e6
{[%clk 1:23:08]} fxe6 {[%clk 1:28:41]} 9. Ng5 {[%clk 1:22:17]} Bxb5 {[%clk
1:25:29]} 10. Nxe6 {[%clk 1:21:47]} Bxd4 {[%clk 1:25:15]} 11. Nxd8 {[%clk
1:21:42]} Bf2+ {[%clk 1:25:36]} 12. Kd2 {[%clk 1:22:04]} Be3+ {[%clk 1:26:00]}
13. Ke1 {[%clk 1:22:27]} Bf2+ {[%clk 1:26:24]} 14. Kd2 {[%clk 1:22:48]} Be3+
{[%clk 1:26:50]} 15. Ke1 {[%clk 1:23:09]} Bf2+ {[%clk 1:26:48]} 1/2-1/2